000 00530nam a2200169Ia 4500
999 _c2136
_d2136
003 OSt
005 20200817130156.0
008 190216s9999||||xx |||||||||||||| ||und||
040 _coclc
082 _a547
_bVES/P
100 _aVeselovskaya, T K
_94159
245 0 _aProblems And Exercises In Organic Chemistry /
_cT K Veselovskaya ; I V Machinskaya ; N M Przhiyalgovskaya
260 _bMir Publishers,
_c1979.
_aMoscow:
300 _a311p
650 _aChemistry
942 _cBK
_2ddc
_h547
_iVES/P
_k547
_mVES/P